Central Library OPAC University of Rajshahi

First things first : (Record no. 60933)

MARC details
000 -LEADER
fixed length control field 01014nam a2200289 a 4500
001 - CONTROL NUMBER
control field 60933
003 - CONTROL NUMBER IDENTIFIER
rucl marc code BD-RjUL
005 - DATE AND TIME OF LATEST TRANSACTION
control field 20211209080910.0
008 - FIXED-LENGTH DATA ELEMENTS--GENERAL INFORMATION
fixed length control field 170104s1981 nyu b 001 0 eng d
020 ## - INTERNATIONAL STANDARD BOOK NUMBER
International Standard Book Number 0195203682
International Standard Book Number 0195203690 (pbk.)
035 ## - SYSTEM CONTROL NUMBER
System control number (BD-RjUL)61057
040 ## - CATALOGING SOURCE
Original cataloging agency DLC
Transcribing agency DLC
Language of cataloging eng
Modifying agency (BD-RjUL)
041 ## - LANGUAGE CODE
Language code of text/sound track or separate title eng
082 ## - DEWEY DECIMAL CLASSIFICATION NUMBER
Edition number 23
Classification number 338.9091724
Author mark and year STF 1981
100 1# - MAIN ENTRY--PERSONAL NAME
Personal name Streeten, Paul.
9 (RLIN) 181690
245 10 - TITLE STATEMENT
Title First things first :
Remainder of title meeting basic human needs in the developing countries /
Statement of responsibility, etc. Paul Streeten with Shahid Javed Burki ... [et al.]
260 ## - PUBLICATION, DISTRIBUTION, ETC. (IMPRINT)
Place of publication, distribution, etc. New York ;
-- Oxford :
Name of publisher, distributor, etc. Oxford University Press,
Date of publication, distribution, etc. 1981
300 ## - PHYSICAL DESCRIPTION
Pagination xii, 206 p. ;
Size 23 cm
500 ## - GENERAL NOTE
General note A World Bank publication
504 ## - BIBLIOGRAPHY, ETC. NOTE
Bibliography, etc Includes bibliography:(p. 193-199) and index
650 #0 - SUBJECT ADDED ENTRY--TOPICAL TERM
Topical term or geographic name as entry element Economic assistance
Geographic subdivision Developing countries
9 (RLIN) 181691
Topical term or geographic name as entry element Basic needs
Geographic subdivision Developing countries
9 (RLIN) 181692
651 #0 - SUBJECT ADDED ENTRY--GEOGRAPHIC NAME
Geographic name Developing countries
General subdivision Economic policy
9 (RLIN) 171747
710 2# - ADDED ENTRY--CORPORATE NAME
Corporate name or jurisdiction name as entry element World Bank.
9 (RLIN) 171728
942 ## - ADDED ENTRY ELEMENTS (KOHA)
Source of classification or shelving scheme Dewey Decimal Classification
Koha item type Books
Holdings
Lost status Source of classification or shelving scheme Damaged status Not for loan Collection code Permanent Location Current Location Shelving location Date acquired Source of acquisition Total Checkouts Full call number Date last seen Copy number Koha item type
  Dewey Decimal Classification   Not For Loan Non-fiction Central Library, University of Rajshahi Central Library, University of Rajshahi Reading Room 05/06/1982 World Bank   338.9091724 STF 1981 04/01/2017 C-1 Books